Caricamento...

The tragic actor /

Dettagli Bibliografici
Autore principale: Joseph, Bertram Leon
Natura: Printed Book
Pubblicazione: [London] Routledge and Paul [1959]
Soggetti:
LEADER 00444cam a22001571 4500
082 |a 792.1028  |b JOS-T 
100 1 |a Joseph, Bertram Leon. 
245 1 4 |a The tragic actor / 
260 |a [London]  |b Routledge and Paul  |c [1959] 
300 |a 415 p.  |b illus. 
650 0 |a Actors 
650 0 |a Theater 
650 0 |a Tragedy. 
942 |c BK 
999 |c 28253  |d 28253 
952 |0 0  |1 0  |4 0  |6 792_102800000000000_JOST  |7 0  |9 36132  |a KU  |b KU  |d 2015-07-05  |o 792.1028 JOS-T  |p EN06232  |y BK